<?xml version="1.0" encoding="UTF-8"?>
<record
    xmlns:xsi="http://www.w3.org/2001/XMLSchema-instance"
    xsi:schemaLocation="http://www.loc.gov/MARC21/slim http://www.loc.gov/standards/marcxml/schema/MARC21slim.xsd"
    xmlns="http://www.loc.gov/MARC21/slim">

  <leader>01555nam a22002537a 4500</leader>
  <controlfield tag="005">20240920145813.0</controlfield>
  <controlfield tag="008">240920b           ||||| |||| 00| 0 eng d</controlfield>
  <datafield tag="020" ind1=" " ind2=" ">
    <subfield code="a">9780143460381</subfield>
  </datafield>
  <datafield tag="040" ind1=" " ind2=" ">
    <subfield code="c">AL</subfield>
  </datafield>
  <datafield tag="041" ind1=" " ind2=" ">
    <subfield code="a">English</subfield>
  </datafield>
  <datafield tag="082" ind1=" " ind2=" ">
    <subfield code="2">23</subfield>
    <subfield code="a">152.33</subfield>
    <subfield code="b">SARS</subfield>
  </datafield>
  <datafield tag="100" ind1=" " ind2=" ">
    <subfield code="a">Subah Saraf and others</subfield>
    <subfield code="9">179783</subfield>
  </datafield>
  <datafield tag="245" ind1=" " ind2=" ">
    <subfield code="a">SATVIC Revolution : 7 life changing habits to discover peak health and joy</subfield>
  </datafield>
  <datafield tag="260" ind1=" " ind2=" ">
    <subfield code="a">Haryana</subfield>
    <subfield code="b">Penguin Random House India Pvt Ltd</subfield>
    <subfield code="c">2024</subfield>
  </datafield>
  <datafield tag="300" ind1=" " ind2=" ">
    <subfield code="a">xxviii,466 p.</subfield>
    <subfield code="b">PB</subfield>
    <subfield code="c">21x14 cm.</subfield>
  </datafield>
  <datafield tag="365" ind1=" " ind2=" ">
    <subfield code="a">BLCR-000030</subfield>
    <subfield code="b">&#x20B9;400.00</subfield>
    <subfield code="c">&#x20B9;</subfield>
    <subfield code="d">&#x20B9;499.00</subfield>
    <subfield code="e">20%</subfield>
    <subfield code="f">11-09-2024</subfield>
  </datafield>
  <datafield tag="520" ind1=" " ind2=" ">
    <subfield code="a">If you are looking for a practical guide to help you achieve peak health, increased energy in your day, optimal weight and a calm mindset even amidst chaos, then The Satvic Revolution is for you.
Authors Subah and Harshvardhan, co-founders of the Satvic Movement, battled chronic diseases for many years. After trying all available solutions with no success, they turned to natural health wisdom. They adopted seven life-changing habits, using which, they were able to fully heal themselves. In this book, they share these with you.
These habits draw from the best of both worlds&#x2014;ancient wisdom and modern science. While the first four elevate your physical health, the last three focus on deeper aspects that are often overlooked&#x2014;your mental and spiritual health.</subfield>
  </datafield>
  <datafield tag="650" ind1=" " ind2=" ">
    <subfield code="a">Psychology</subfield>
    <subfield code="9">179780</subfield>
  </datafield>
  <datafield tag="650" ind1=" " ind2=" ">
    <subfield code="a">habits</subfield>
    <subfield code="9">179781</subfield>
  </datafield>
  <datafield tag="650" ind1=" " ind2=" ">
    <subfield code="a">life</subfield>
    <subfield code="9">179782</subfield>
  </datafield>
  <datafield tag="700" ind1=" " ind2=" ">
    <subfield code="a">SARAF (Subah)</subfield>
    <subfield code="9">179784</subfield>
  </datafield>
  <datafield tag="700" ind1=" " ind2=" ">
    <subfield code="a">SARAF (Harshvardhan)</subfield>
    <subfield code="9">179785</subfield>
  </datafield>
  <datafield tag="942" ind1=" " ind2=" ">
    <subfield code="2">ddc</subfield>
    <subfield code="c">BK</subfield>
  </datafield>
  <datafield tag="999" ind1=" " ind2=" ">
    <subfield code="c">231868</subfield>
    <subfield code="d">231868</subfield>
  </datafield>
  <datafield tag="952" ind1=" " ind2=" ">
    <subfield code="0">0</subfield>
    <subfield code="1">0</subfield>
    <subfield code="2">ddc</subfield>
    <subfield code="4">0</subfield>
    <subfield code="7">0</subfield>
    <subfield code="8">PSY</subfield>
    <subfield code="a">AL</subfield>
    <subfield code="b">AL</subfield>
    <subfield code="d">2024-09-14</subfield>
    <subfield code="e">Navakarnataka Publications Pvt Ltd Mangaluru-575001</subfield>
    <subfield code="g">400.00</subfield>
    <subfield code="l">2</subfield>
    <subfield code="o">152.33 SARS</subfield>
    <subfield code="p">077337</subfield>
    <subfield code="r">2025-04-11 08:42:43</subfield>
    <subfield code="s">2025-03-27</subfield>
    <subfield code="v">499.00</subfield>
    <subfield code="w">2024-09-20</subfield>
    <subfield code="y">BK</subfield>
  </datafield>
  <datafield tag="952" ind1=" " ind2=" ">
    <subfield code="0">0</subfield>
    <subfield code="1">0</subfield>
    <subfield code="2">ddc</subfield>
    <subfield code="4">0</subfield>
    <subfield code="7">0</subfield>
    <subfield code="8">PSY</subfield>
    <subfield code="a">AL</subfield>
    <subfield code="b">AL</subfield>
    <subfield code="d">2024-09-14</subfield>
    <subfield code="e">amazon.in</subfield>
    <subfield code="g">323.00</subfield>
    <subfield code="l">0</subfield>
    <subfield code="o">152.33 SARS</subfield>
    <subfield code="p">077461</subfield>
    <subfield code="r">2025-01-04 00:00:00</subfield>
    <subfield code="v">499.00</subfield>
    <subfield code="w">2025-01-04</subfield>
    <subfield code="y">BK</subfield>
  </datafield>
</record>
